Quiz sulla città di Trieste - Statistics

Statistiche generali
  • Questo quiz è stato fatto 269 volte
  • Il punteggio medio è 12 su 22
Statistiche sulle risposte
Descrizione Risposta % Corretto
Regione di quale Trieste è il capoluogo Friuli Venezia Giulia
99%
Paesi esteri a meno di 30 chilometri di Trieste Slovenia
93%
Paesi esteri a meno di 30 chilometri di Trieste Croazia
87%
Frazione del Mediterraneo in quale si trova il Golfo di Trieste Adriatico
84%
Durante il medioevo, Trieste fu rivale di questa città marittima Venezia
76%
Vento catabatico violento che soffia spesso sul Golfo di Trieste Bora
69%
Castello sul mare costruito per l'arciduca Castello Miramare
64%
Fino al 1918, Trieste fu capitale del "litorale" di questo impero Impero austriaco
64%
Altopiano roccioso compreso nella provincia di Trieste... Carso
60%
Piazza principale di Trieste Piazza {Unità} d'{Italia}
53%
Nome romano di Trieste Tergeste
47%
Dinastia che governò Trieste per più di 500 anni Asburgo
46%
Regata annuale triestina Barcolana
43%
Scrittore modernista nato a Trieste nel 1861 Italo Svevo
43%
Arma raffigurata sulla stemma della città Alabarda
36%
Trieste fornisce più di 40% di questa bevanda in tutta l'Italia Caffè
34%
Santo patrono Giusto di Trieste
34%
Vino bianco frizzante prodotto nella regione di Trieste Prosecco
34%
Teatro principale di Trieste Teatro Verdi
32%
Stato neutro instaurato dall'ONU, 1947-1954 {Territorio} {Libero} di Trieste
30%
Il più alto faro di Trieste e il terzo più alto d'Italia Faro della Vittoria
26%
...e che fa parte di questa catena montuosa Alpi Dinariche
7%
Nessun quiz corrispondente trovato
Distribuzione punteggi
Percentuale di utenti per punteggio
Percentile per numero di risposta
I tuoi punteggi nel tempo
Non hai fatto questo quiz